1133 1830 1668 1604 1479 1524 1362 1645 1535 1094 1693 1595 1583 1298 1567 1081 1369 1967 1994 1601 1280 1929 1868 1607 1668 1634 1907 1141 1713 1793 1361 1980 1786 1767 1517 1251 1492 1440 1754 1762 1749 1782 1624 1144 1364 1616 1811 1455 1542 1375 1590 1856 1807 1442 1343 1982 1599 1747 1688 1559 1828 1777 1771 1235 1454 1371 1237 1126 1523 1603 1773 1957 1348 1593 1594 1088 1327 1059 1097 1410 1906 1597 1007 1186 1292 1395 1374 1436 1055 1759 1181 1070 1713 1606 1426 1363 1797 1474 1684 BCNSPRNW ULIB Ver.6.0+V

เปลี่ยนเป็นภาษาไทย

Change to English
 แสดงรายละเอียดบรรณานุกรม
  กลับหน้าหลัก

Brief Record : Get Marc (ISO 2709) : E-mail record : QR code < ปิดหน้าต่าง
LEADER : 00000nam 2200000uu 4500
001    13399122642
003     ULIB
008    020711s2550 th a 000 0 tha d
020    9789748458090
099    นว.พ945พ2550
100    เพียงรุ้ง
245    เพลงแห่งจันทร์ู^cเพียงรุ้ง
260    กรุงเทพฯ :^b1168,^c2550
300    240 หน้า
945    ^p169^l0^i021038
999    ^aเกษร โพธิ์สุวรรณ
รายการนี้ยังไม่มีแท็ก
คุณยังไม่ได้ล็อกอิน คุณสามารถมีกิจกรรมร่วมกับเว็บไซต์ได้ แต่ต้องล็อกอินก่อน ::
  ล็อกอิน

รายการสื่อสารสนเทศ

ลำดับที่ ประเภท เลขเรียก/บาร์โค้ด สถานที่ สถานะ
1. นวนิยาย
นวนิยาย
นว.พ945พ2550 ฉ.1 
  Barcode: 021038
ห้องสมุดวิทยาเขตสวรรค์ประชารักษ์
►นวนิยาย
บนชั้น
  ขอยืม

BibComment


ยังไม่เคยถูกคอมเมนท์

คอมเมนท์ทรัพยากรรายการนี้
  คอมเมนท์: เพลงแห่งจันทร์ู เ..


 Copyright 2026. Bcnsprnw @Library